| 000 | 00576nam a2200193 i 4500 | ||
|---|---|---|---|
| 001 | 135543 | ||
| 003 | ES-MaACL | ||
| 005 | 20231111062531.0 | ||
| 007 | t| | ||
| 008 | 070719s1965 sp ||||1| spa d | ||
| 080 | _a860.09(04) | ||
| 100 | 1 |
_aTorre, Guillermo de ( _d1900-1971) _9110740 |
|
| 245 | 1 | 3 |
_aLa difícil universalidad española / _cGuillermo de Torre. |
| 260 |
_a[Madrid] : _bGredos, _c[1965] |
||
| 300 |
_a314 p. ; _c19 cm. |
||
| 650 | 4 |
_aLiteratura española- _xHistoria y crítica _914560 |
|
| 852 |
_aES-MaACL _jC-28804 _bR.58169 |
||
| 999 |
_c135543 _d135543 |
||